[Event "AUTO-OPEN-1244"]
[Site "http://www.queenalice.com/game.php?id=454874"]
[Date "2008.8.28"]
[Round "1"]
[White "PH_gga"]
[Black "fagoncalves"]
[Result "1/2-1/2"]
[WhiteElo "1343"]
[BlackElo "1535"]

1. e4 e5 2. Qf3 Nf6 3. Bc4 Bc5 4. d3 h6 5. Nc3 d6 6. Nd5 Bg4 7. Qg3 Nxd5 8. Qxg4
Qf6 9. Bxd5 Qxf2+ 10. Kd1 Qf1+ 11. Kd2 Bf2 12. Qd1 Be3+ 13. Kxe3 Qxd1 14. Bxb7
Nd7 15. Bxa8 Qe1+ 16. Kf3 Qh4 17. g3 Qf6+ 18. Ke2 O-O 19. Bc6 Nc5 20. Be3 Rd8
21. Nf3 Rb8 22. Bxc5 dxc5 23. b3 Qxc6 24. Nxe5 Qe8 25. Nc4 f6 26. Rhf1 Qh5+ 27.
Rf3 Qxh2+ 28. Ke3 Qxc2 29. Rf5 Kf7 30. Rxc5 Qc3 31. Rxc7+ Kg6 32. Rf1 Rd8 33.
Rd1 Qd4+ 34. Kf3 Rd7 35. Rxd7 Qxd7 36. e5 Qf5+ 37. Kg2 fxe5 38. Ne3 Qg5 39. Re1
h5 40. Nf1 h4 41. d4 hxg3 42. dxe5 Qf4 43. Nxg3 Qd2+ 44. Re2 Qd5+ 45. Kh3 Qe6+
46. Kg2 Qd5+ 47. Kh2 a5 48. e6 Qa8 49. e7 Qh8+ 50. Kg2 Kf7 51. e8=Q+ Qxe8 52.
Rxe8 Kxe8 53. a4 Kd7 54. Ne4 Kc6 55. Nd2 Kc5 56. Nc4 Kb4 57. Nxa5 Kxa5 58. Kg3
Kb4 59. Kg4 Ka5 60. Kg5 Kb4 61. Kg6 1/2-1/2

[Event "AUTO-OPEN-1244"]
[Site "http://www.queenalice.com/game.php?id=454875"]
[Date "2008.8.28"]
[Round "1"]
[White "fagoncalves"]
[Black "PH_gga"]
[Result "1-0"]
[WhiteElo "1489"]
[BlackElo "1260"]

1. d4 e6 2. c4 Nc6 3. Nc3 d5 4. cxd5 exd5 5. e3 Bd6 6. Bb5 Nf6 7. Bxc6+ bxc6 8.
f3 O-O 9. a3 Rb8 10. Nge2 Ba6 11. O-O c5 12. Re1 cxd4 13. Nxd4 Nd7 14. Nxd5 Nc5
15. Nc6 Qc8 16. Nde7+ Bxe7 17. Nxe7+ Kh8 18. Nxc8 Bxc8 19. b4 Ne6 20. Bb2 Rd8
21. Qa4 a6 22. Rad1 Bb7 23. Rxd8+ Rxd8 24. Rd1 Rxd1+ 25. Qxd1 h6 26. Qd7 Kh7 27.
Qxf7 Ng5 28. Qxc7 Bxf3 29. gxf3 Nxf3+ 30. Kf2 Nxh2 31. Qxg7# 1-0

[Event "AUTO-OPEN-1244"]
[Site "http://www.queenalice.com/game.php?id=454886"]
[Date "2008.8.28"]
[Round "1"]
[White "reidostorneios"]
[Black "fagoncalves"]
[Result "1-0"]
[WhiteElo "1064"]
[BlackElo "1523"]

1. d4 Nf6 2. c4 g6 3. Nc3 Bg7 4. Bf4 c6 5. e4 d6 6. h3 Nbd7 7. Bd3 O-O 8. Nf3
Re8 9. Qc2 e5 10. Bg5 Qc7 11. d5 c5 12. O-O-O Nb6 13. g4 Bd7 14. Rdg1 h6 15. Bh4
g5 16. Bg3 Nh7 17. Be2 Nc8 18. h4 Bxg4 19. hxg5 h5 20. Nh4 Bxe2 21. Qxe2 1-0

[Event "AUTO-OPEN-1244"]
[Site "http://www.queenalice.com/game.php?id=454887"]
[Date "2008.8.28"]
[Round "1"]
[White "fagoncalves"]
[Black "reidostorneios"]
[Result "1-0"]
[WhiteElo "1429"]
[BlackElo "1241"]

1. d4 Nf6 2. c4 g6 3. Nc3 Bg7 4. e4 d6 5. Be3 c6 6. h3 Nbd7 7. Nf3 a6 8. Bd3 O-O
9. Qc2 Re8 10. d5 c5 11. O-O-O Nb6 12. a3 e6 13. Bg5 e5 14. Bxf6 Bxf6 15. g4
Bg5+ 16. Nxg5 Qxg5+ 17. Kb1 Bd7 18. f3 Nc8 19. h4 Qf4 20. Qg2 Nb6 21. Ne2 Qf6
22. Rdf1 Qd8 23. h5 g5 24. Ng3 Na4 25. Nf5 Qb6 26. Qd2 1-0

[Event "AUTO-OPEN-1251"]
[Site "http://www.queenalice.com/game.php?id=457907"]
[Date "2008.9.3"]
[Round "1"]
[White "arsen387"]
[Black "fagoncalves"]
[Result "1-0"]
[WhiteElo "1780"]
[BlackElo "1506"]

1. d4 Nf6 2. c4 g6 3. Nc3 Bg7 4. e4 d6 5. Nf3 Bg4 6. Be2 Bxf3 7. gxf3 Nbd7 8.
Bg5 O-O 9. Qd2 e5 10. d5 c5 11. h4 h5 12. f4 Nh7 13. Bxd8 Rfxd8 14. f5 1-0

[Event "AUTO-OPEN-1251"]
[Site "http://www.queenalice.com/game.php?id=457908"]
[Date "2008.9.3"]
[Round "1"]
[White "fagoncalves"]
[Black "arsen387"]
[Result "0-1"]
[WhiteElo "1512"]
[BlackElo "1774"]

1. d4 e6 2. c4 Nf6 3. Nc3 Bb4 4. Bg5 Bxc3+ 5. bxc3 d6 6. Nf3 h6 7. Bh4 Nbd7 8.
e4 e5 9. Bxf6 Qxf6 10. Qd3 O-O 11. Be2 Re8 12. d5 Nc5 13. Qc2 Qg6 14. Nd2 Qxg2
15. Bf3 Qh3 0-1

[Event "AUTO-INT-1024"]
[Site "http://www.queenalice.com/game.php?id=458044"]
[Date "2008.9.3"]
[Round "1"]
[White "fagoncalves"]
[Black "DALECIO_RAZIEL"]
[Result "0-1"]
[WhiteElo "1501"]
[BlackElo "1363"]

1. d4 d5 2. c4 dxc4 3. e4 b5 4. Nc3 c6 5. Bf4 Na6 6. a3 g6 7. h3 Bg7 8. Nf3 f5
9. e5 b4 10. axb4 Nxb4 11. Bxc4 e6 12. Qb3 Bf8 13. O-O h6 14. Qa4 g5 15. Bd2 g4
16. Nh2 Qxd4 17. Be3 Qxc4 18. Rac1 Qa6 19. Qxa6 Bxa6 20. Rfe1 Nd3 21. hxg4 Nxe1
0-1

[Event "AUTO-INT-1024"]
[Site "http://www.queenalice.com/game.php?id=458046"]
[Date "2008.9.3"]
[Round "1"]
[White "fagoncalves"]
[Black "oscardias"]
[Result "0-1"]
[WhiteElo "1479"]
[BlackElo "1526"]

1. d4 d5 2. c4 dxc4 3. e4 b5 4. Nc3 c6 5. Bf4 e6 6. Nf3 h6 7. a3 g5 8. Be5 f6 9.
Bg3 g4 10. Nh4 h5 11. Ng6 Rh6 12. Nf4 e5 13. Nfe2 Bd6 14. Qd2 Be6 15. d5 cxd5
16. exd5 Bf5 0-1

[Event "AUTO-INT-1024"]
[Site "http://www.queenalice.com/game.php?id=458047"]
[Date "2008.9.3"]
[Round "1"]
[White "oscardias"]
[Black "fagoncalves"]
[Result "1-0"]
[WhiteElo "1540"]
[BlackElo "1465"]

1. e4 e5 2. d4 exd4 3. Qxd4 c5 4. Qe5+ Qe7 5. Nf3 Nc6 6. Qf4 h6 7. Qe3 d6 8. Nc3
Nf6 9. Nd5 Bg4 10. Nxe7 Bxe7 11. h3 Bh5 12. g4 Bg6 13. Bd3 O-O-O 14. e5 Bxd3 15.
exf6 Rde8 16. Qxd3 1-0